[Event "Budapest-chT1 Lilienthal 1314"]
[Site "Budapest"]
[Date "2014.02.09"]
[Round "7"]
[White "Balazs Piri, Robert"]
[Black "Major, Marcell"]
[Result "1-0"]
[WhiteElo "1883"]
[BlackElo "1492"]
[PlyCount "29"]
[EventDate "2013.09.29"]
[EventType "team-tourn"]
[EventRounds "11"]
[EventCountry "HUN"]
[SourceTitle "EXT 2021"]
[Source "ChessBase"]
[SourceDate "2020.10.23"]
[SourceVersion "1"]
[SourceVersionDate "2020.10.23"]
[SourceQuality "1"]
[WhiteTeam "Taban Spartacus II"]
[BlackTeam "Sarkany II"]
[WhiteTeamCountry "HUN"]
[BlackTeamCountry "HUN"]

1. e4 c5 2. Nf3 e6 3. d4 cxd4 4. Nxd4 a6 5. Bd3 Qc7 6. 0-0 Nc6 7. Be3 Nf6 8. Nc3 Be7 9. Nxc6 bxc6 10. f4 0-0 11. e5 Nd5 12. Nxd5 cxd5 13. Qh5 f6 14. Bxh7+ Kh8 15. Bg6+ 1-0